Top 5 Football Clubs from the Top 5 European Leagues in 2015/16 - Statistics

General Stats
  • This quiz has been taken 1,208 times
  • The average score is 20 of 25
Answer Stats
Positions Teams % Correct
4th Place Manchester City
98%
Runner-Up Real Madrid
98%
Champions Barcelona
97%
Runner-Up Arsenal
96%
Champions Bayern Munich
96%
Champions Juventus
95%
5th Place Manchester United
95%
3rd Place Tottenham Hotspur
93%
3rd Place Atletico Madrid
92%
Runner-Up Borussia Dortmund
92%
4th Place Inter Milan
92%
Champions Paris SG
92%
Champions Leicester City
90%
Runner-Up Napoli
88%
3rd Place AS Roma
87%
Runner-Up Lyon
85%
3rd Place AS Monaco
78%
3rd Place Bayer Leverkusen
67%
5th Place Lille
66%
4th Place Villarreal
64%
5th Place Schalke
63%
5th Place Athletic Bilbao
56%
5th Place Fiorentina
53%
4th Place Nice
43%
4th Place Borussia Moenchengladbach
39%
No matching quizzes found
Score Distribution
Percent of People with Each Score
Percentile by Number Answered
Your Score History
You have not taken this quiz